| 000 | 00377nam a2200109 4500 | ||
|---|---|---|---|
| 999 |
_c13507 _d13507 |
||
| 008 | 190327b ||||| |||| 00| 0 eng d | ||
| 245 |
_aPromoting Adlai: _bResearch from the Department of Agriculture showed that adlai can serve as an alternative to rice. |
||
| 260 |
_aDavao City _bSun Star Davao _cc2018 |
||
| 300 | _apage 10. | ||
| 650 | 0 |
_937757 _aAgriculture. |
|
| 942 |
_2ddc _cPER |
||